000 00331 a2200145 4500
001 178896
020 _a
040 _cMagnum
100 _aPrado, Lucilia Junqueira de Almeida
240 1 0 _aCabelos de cenoura
_lpor
245 1 0 _aCabelos de cenoura
362 0 _a1899
697 _aMAGNITO: J/ADOLESCENTE, NAMORO
942 _cBK
999 _c178896
_d178896